|
|
|
|
| LEADER |
01062nam a2200241 a 4500 |
| 001 |
1158885 |
| 008 |
091209s1995 ii b 100 0 eng d |
| 010 |
|
|
|a 95904385
|
| 040 |
|
|
|a DLC
|c DLC
|d DLC
|
| 082 |
0 |
0 |
|a 331.3/1/0954
|2 21
|
| 110 |
2 |
|
|a Citizens Commission on Bonded and Child Labour (India).
|b National Convention
|n (1st :
|d 1995 :
|c New Delhi, India)
|
| 245 |
1 |
0 |
|a Freedom from bondage /
|c Citizens Commission on Bonded and Child Labour, First National Convention.
|
| 260 |
|
|
|a New Delhi :
|b Indian Social Institute,
|c c1995.
|
| 300 |
|
|
|a vii, 59 p. ;
|c 22 cm.
|
| 504 |
|
|
|a Includes bibliographical references.
|
| 541 |
1 |
|
|e 00005402
|
| 650 |
|
0 |
|a Child labor
|z India
|x Congresses.
|
| 650 |
|
0 |
|a Child labor
|x Law and legislation
|z India
|x Congresses.
|
| 650 |
|
0 |
|a Peonage
|z India
|x Congresses.
|
| 710 |
2 |
|
|a Indian Social Institute.
|
| 852 |
4 |
|
|a Ayesha Abed Library
|j General shelf
|
| 999 |
|
|
|c 6042
|d 6042
|
| 952 |
|
|
|0 0
|1 0
|2 ddc
|4 0
|6 331_310954000000000_FRE_1995
|7 0
|9 6036
|a BRACUL
|b BRACUL
|c GEN
|d 2009-12-14
|g 26.00
|l 0
|o 331.310954 FRE
|p 3010005402
|r 2009-12-14
|t 1
|w 2009-12-14
|y BK
|